[Event "ECU-chT U20"]
[Site "Carpuela"]
[Date "2014.05.04"]
[Round "4.2"]
[White "Garzon Rivera, Ricardo"]
[Black "Chanaluisa Chanaluisa, Diego J"]
[Result "1-0"]
[WhiteElo "1714"]
[BlackElo "1492"]
[PlyCount "61"]
[EventDate "2014.05.03"]
[EventType "team-swiss"]
[EventRounds "7"]
[EventCountry "ECU"]
[SourceTitle "CBM 160 Extra"]
[Source "ChessBase"]
[SourceDate "2014.07.01"]
[SourceVersion "1"]
[SourceVersionDate "2014.07.01"]
[SourceQuality "1"]
[WhiteTeam "Los Brios"]
[BlackTeam "Orellana"]
[WhiteTeamCountry "ECU"]
[BlackTeamCountry "ECU"]

1. e4 c5 2. Nc3 Nc6 3. Nf3 g6 4. Bc4 Bg7 5. d3 d6 6. Be3 a6 7. a4 Bg4 8. Bxf7+ Kf8 9. Ba2 Qb6 10. Rb1 Nf6 11. h3 Bxf3 12. Qxf3 Ne5 13. Qe2 Nc6 14. 0-0 e5 15. Nd5 Nxd5 16. Bxd5 Ke7 17. Qg4 Nd8 18. Bg5+ Bf6 19. Bxf6+ Kxf6 20. Qh4+ Kg7 21. Qe7+ Kh6 22. f4 Rc8 23. f5 Rc7 24. Qh4+ Kg7 25. f6+ Kf8 26. Qh6+ Ke8 27. f7+ Nxf7 28. Bxf7+ Rxf7 29. Rxf7 Kxf7 30. Rf1+ Ke6 31. Qg7 1-0